Iraq and the United States : (Record no. 27537)
[ view plain ]
| 000 -LEADER | |
|---|---|
| campo de control de longitud fija | 02281cam a2200361 a 4500 |
| 001 - NÚMERO DE CONTROL | |
| campo de control | 109235 |
| 005 - FECHA Y HORA DE LA ÚLTIMA TRANSACCIÓN | |
| campo de control | 20230410103856.0 |
| 008 - DATOS DE LONGITUD FIJA--INFORMACIÓN GENERAL | |
| campo de control de longitud fija | 100610s2010 dcuab b 000 0 eng |
| 035 ## - NÚMERO DE CONTROL DEL SISTEMA | |
| Número de control de sistema | 16275934 |
| 010 ## - NÚMERO DE CONTROL DE LA BIBLIOTECA DEL CONGRESO | |
| Número de control de LC | 2010024413 |
| 020 ## - NÚMERO INTERNACIONAL ESTÁNDAR DEL LIBRO | |
| Número Internacional Estándar del Libro | 9780892065950 (pbk. : alk. paper) |
| 020 ## - NÚMERO INTERNACIONAL ESTÁNDAR DEL LIBRO | |
| Número Internacional Estándar del Libro | 0892065958 (pbk. : alk. paper) |
| 035 ## - NÚMERO DE CONTROL DEL SISTEMA | |
| Número de control de sistema | (OCoLC)ocn640515449 |
| 040 ## - FUENTE DE CATALOGACIÓN | |
| Centro catalogador/agencia de origen | DLC |
| Centro/agencia transcriptor | DLC |
| Centro/agencia modificador | YDX |
| -- | UNA |
| -- | CDX |
| -- | YDXCP |
| -- | BWX |
| -- | DLC |
| 043 ## - CÓDIGO DE ÁREA GEOGRÁFICA | |
| Código de área geográfica | a-iq--- |
| -- | n-us--- |
| 050 14 - SIGNATURA TOPOGRÁFICA DE LA BIBLIOTECA DEL CONGRESO | |
| Número de clasificación | 414 DS 79.769 |
| Número de ítem | C794i 2010 |
| 082 00 - NÚMERO DE LA CLASIFICACIÓN DECIMAL DEWEY | |
| Número de clasificación | 355/.031097309567 |
| 100 1# - ENTRADA PRINCIPAL--NOMBRE DE PERSONA | |
| Nombre de persona | Cordesman, Anthony H. |
| 245 10 - MENCIÓN DEL TÍTULO | |
| Título | Iraq and the United States : |
| Resto del título | creating a strategic partnership / |
| Mención de responsabilidad, etc. | Anthony H. Cordesman, Adam Mausner, Elena Derby. |
| 260 ## - PUBLICACIÓN, DISTRIBUCIÓN, ETC. | |
| Lugar de publicación, distribución, etc. | Washington, DC : |
| Nombre del editor, distribuidor, etc. | Center for Strategic and International Studies, |
| Fecha de publicación, distribución, etc. | c2010. |
| 300 ## - DESCRIPCIÓN FÍSICA | |
| Extensión | xxiii, 369 p. : |
| Otras características físicas | ill., maps ; |
| Dimensiones | 28 cm. |
| 504 ## - NOTA DE BIBLIOGRAFÍA, ETC. | |
| Nota de bibliografía, etc. | Includes bibliographical references. |
| 505 0# - NOTA DE CONTENIDO CON FORMATO | |
| Nota de contenido con formato | Key security, political, and economic issues -- The uncertain security environment in Iraq -- Arab-Kurdish tensions : political accommodation versus the possibility of conflict and dividing the Iraqi security forces -- The Sunni insurgency and Sunni politics -- The uncertain security and politics of the south -- The role of external powers : Iraqi attitudes toward outside states and companies -- The uncertain politics of the national election and forming a viable government -- The costs and risks of dependence on the petroleum sector -- The broader range of economic challenges and "threats" -- Iraqi reconstruction funding -- Shaping the character of U.S. withdrawal -- The Ministry of Defense and Iraqi military forces -- The Ministry of Interior, Iraqi Police and Internal Security Forces -- U.S. support of Iraqi Security Forces : "the paradigm shift" -- The Iraqi-U.S. strategic framework agreement : U.S. troop withdrawal and the shift to aid and advisory services. |
| 651 #0 - PUNTO DE ACCESO ADICIONAL DE MATERIA--NOMBRE GEOGRÁFICO | |
| Nombre geográfico | United States |
| Subdivisión general | Foreign relations |
| Subdivisión geográfica | Iraq. |
| 651 #0 - PUNTO DE ACCESO ADICIONAL DE MATERIA--NOMBRE GEOGRÁFICO | |
| Nombre geográfico | Iraq |
| Subdivisión general | Foreign relations |
| Subdivisión geográfica | United States. |
| 651 #0 - PUNTO DE ACCESO ADICIONAL DE MATERIA--NOMBRE GEOGRÁFICO | |
| Nombre geográfico | Postwar reconstruction |
| Subdivisión geográfica | Iraq. |
| 651 #0 - PUNTO DE ACCESO ADICIONAL DE MATERIA--NOMBRE GEOGRÁFICO | |
| Nombre geográfico | Iraq |
| Subdivisión general | Politics and government |
| Subdivisión cronológica | 2003- |
| 700 1# - ENTRADA AGREGADA--NOMBRE PERSONAL | |
| Nombre de persona | Mausner, Adam. |
| 700 1# - ENTRADA AGREGADA--NOMBRE PERSONAL | |
| Nombre de persona | Derby, Elena. |
| 925 0# - | |
| -- | acquire |
| -- | 2 shelf copies |
| -- | policy default |
| -- | claim1 2010-10-20 |
| -- | claim2 2011-02-14 |
| 942 ## - ELEMENTOS DE ENTRADA SECUNDARIOS (KOHA) | |
| Fuente del sistema de clasificación o colocación | Clasificación de Library of Congress |
| Tipo de ítem Koha | |
| 946 ## - PROCESAMIENTO DE INFORMACIÓN LOCAL (OCLC) | |
| a | YSL |
| Estatus retirado | Estado de pérdida | Fuente del sistema de clasificación o colocación | Estado de daño | No para préstamo | Colección | Biblioteca de origen | Biblioteca actual | Ubicación en estantería | Fecha de adquisición | Serial enumeration / chronology | Signatura topográfica completa | Código de barras | Visto por última vez | Copia número | Tipo de ítem Koha |
|---|---|---|---|---|---|---|---|---|---|---|---|---|---|---|---|
| Clasificación de Library of Congress | Recursos Regionales | Biblioteca Juan Bosch | Biblioteca Juan Bosch | Recursos Regionales (2do. Piso) | 10/04/2023 | 1 | 414 DS 79.769 C794i 2010 | 00000102001 | 23/10/2018 | 1 |
